Welcome to the Holygrace Academy Library

Please use search bar below to get started

GRIMMS FAIRY TALES (Record no. 254)

MARC details
000 -LEADER
fixed length control field 00340nam a22001457a 4500
020 ## - INTERNATIONAL STANDARD BOOK NUMBER
ISBN 81-7826-310-6
082 ## - DEWEY DECIMAL CLASSIFICATION NUMBER
Classification number 823
Item number GRI/G
245 ## - TITLE STATEMENT
Title GRIMMS FAIRY TALES
Remainder of title SHORT STORIES
246 ## - VARYING FORM OF TITLE
Title proper/short title GRIMMS FAIRY TALES
Remainder of title SHORT STORIES
250 ## - EDITION STATEMENT
Edition statement 2003
260 ## - PUBLICATION, DISTRIBUTION, ETC. (IMPRINT)
Place of publication DELHI
Name of publisher ROHAN BOOK COMPANY
300 ## - PHYSICAL DESCRIPTION
Number of Pages 224
520 ## - SUMMARY, ETC.
Summary, etc SHORT STORIES
942 ## - ADDED ENTRY ELEMENTS (KOHA)
Koha item type Books
Holdings
Withdrawn status Lost status Collection code Home library Current library Shelving location Date acquired Source of acquisition Cost, normal purchase price Full call number Accession Number Koha item type
    Fiction Main Library Main Library On Display 04/04/2006 Purchase 30.00 823 GRI/G 02360 Books